|
|
|
|
| LEADER |
00000cam a2200000 7i4500 |
| 001 |
0000278253 |
| 005 |
20200914165856.0 |
| 020 |
|
|
|a 9789671734407
|
| 090 |
0 |
0 |
|a 909.09767
|b IBN
|
| 100 |
0 |
|
|a Ibn. Jawi
|
| 245 |
0 |
0 |
|a Kitab tamadun Islam
|c Ibn Jawi
|
| 260 |
|
|
|a Kuala Lumpur :
|b Patriots Publication ,
|c 2019
|
| 300 |
|
|
|a 476p. ;
|c 23cm.
|
| 600 |
0 |
0 |
|a Muhammad, Prophet, -632
|
| 650 |
|
0 |
|a Islam-Civilization
|
| 650 |
|
0 |
|a Islam
|x History
|
| 999 |
|
|
|a 00377288
|b BUKU
|c PINJAMAN
|e PERPUSTAKAAN KOMUNITI PETALING JAYA
|
| 999 |
|
|
|a 00404633
|b BUKU
|c PINJAMAN
|e PERPUSTAKAAN KOMUNITI CAW KOTA DAMANSARA
|
| 999 |
|
|
|a 00404634
|b BUKU
|c PINJAMAN
|e PERPUSTAKAAN KOMUNITI PETALING JAYA
|